Cone beam: A 3D X-ray as a first-line option in orthopedics rather than an ultra-specialized weight bearing tool (notice n° 1528731)
[ vue normale ]
| 000 -LEADER | |
|---|---|
| fixed length control field | 01804cam a2200181 4500500 |
| 005 - DATE AND TIME OF LATEST TRANSACTION | |
| control field | 20251012013206.0 |
| 041 ## - LANGUAGE CODE | |
| Language code of text/sound track or separate title | fre |
| 042 ## - AUTHENTICATION CODE | |
| Authentication code | dc |
| 100 10 - MAIN ENTRY--PERSONAL NAME | |
| Personal name | Munoz, M.-A. |
| Relator term | author |
| 245 00 - TITLE STATEMENT | |
| Title | Cone beam: A 3D X-ray as a first-line option in orthopedics rather than an ultra-specialized weight bearing tool |
| 260 ## - PUBLICATION, DISTRIBUTION, ETC. | |
| Date of publication, distribution, etc. | 2025.<br/> |
| 500 ## - GENERAL NOTE | |
| General note | 99 |
| 520 ## - SUMMARY, ETC. | |
| Summary, etc. | The ability to obtain standing, weight-bearing three-dimensional images (WBCT—weight-bearing computed tomography) is just a small part of the revolution brought by cone beam technology, even though it is particularly relevant for foot and ankle imaging. The greatest benefit to patient care comes from the integration of point-of-care and real-time imaging provided by 3D radiography. The aim of this work is to highlight the growing clinical use of CBCT (cone beam computed tomography), particularly WBCT, in foot and ankle assessment. We will address its overall value regarding patient flow by reviewing the technical and historical aspects of the technology. Then, in a chapter focusing on indications, we will differentiate between its use in trauma cases and routine conditions. Finally, we will conclude by discussing expected future developments, including the widespread adoption of this technology as a first-line imaging method in osteoarticular conditions, replacing conventional X-rays. This will also pave the way for artificial intelligence-based software to develop measurement, diagnostic, prognostic, and patient-specific therapeutic tools. |
| 700 10 - ADDED ENTRY--PERSONAL NAME | |
| Personal name | Beaudet, P. |
| Relator term | author |
| 700 10 - ADDED ENTRY--PERSONAL NAME | |
| Personal name | Lintz, F. |
| Relator term | author |
| 786 0# - DATA SOURCE ENTRY | |
| Note | Médecine et chirurgie du pied | 39 | 3 | 2025-04-25 | p. 63-73 | 0759-2280 |
| 856 41 - ELECTRONIC LOCATION AND ACCESS | |
| Uniform Resource Identifier | <a href="https://shs.cairn.info/journal-medecine-et-chirurgie-du-pied-2024-3-page-63?lang=en&redirect-ssocas=7080">https://shs.cairn.info/journal-medecine-et-chirurgie-du-pied-2024-3-page-63?lang=en&redirect-ssocas=7080</a> |
Pas d'exemplaire disponible.




Réseaux sociaux